00482nam a2200181Ia 450000500170000000800410001702000180005804000190007604100120009508200150010710000280012224500460015026000280019630000220022450400190024665000250026585000100029020230503102502.0131103s9999 xx 000 0 und d a0 08 023386 4 aLoreto College aEnglish a823.8bSMI aSmithers, David Waldron aDickens's doctorscDAvid Waldron Smithers aOxfordbPergamon c1979 axiii,111p.b ill. aIncludes index aPhysicians - Fiction aLCLIB